00426nam a2200157Ia 450000500170000000800410001704000190005804100120007708200170008910000180010624500520012426000270017630000150020350400400021885000100025820230506105608.0131103s9999 xx 000 0 und d aLoreto College aEnglish a823.91bCON  aConrad,Joseph aTales of hearsay and last essayscJoseph Conrad aLondonbJ.M.Dentc1963 axv,173 p.  aIncludes bibliographical references aLCLIB